MyGZULibrary

Understanding politics : (Record no. 1191)

MARC details
000 -LEADER
fixed length control field 01150cam a2200289 a 4500
001 - CONTROL NUMBER
control field 14981166
003 - CONTROL NUMBER IDENTIFIER
control field GZU
005 - DATE AND TIME OF LATEST TRANSACTION
control field 20200929153651.0
008 - FIXED-LENGTH DATA ELEMENTS--GENERAL INFORMATION
fixed length control field 070827s2008 mauab b 001 0 eng
010 ## - LIBRARY OF CONGRESS CONTROL NUMBER
LC control number 2007936115
020 ## - INTERNATIONAL STANDARD BOOK NUMBER
International Standard Book Number 0495503304
040 ## - CATALOGING SOURCE
Original cataloging agency DLC
Transcribing agency DLC
Modifying agency DLC
050 00 - LIBRARY OF CONGRESS CALL NUMBER
Classification number JA66
Item number .MAG 2008
100 1# - MAIN ENTRY--PERSONAL NAME
Personal name Magstadt, Thomas M.
Relator term author
245 10 - TITLE STATEMENT
Title Understanding politics :
Remainder of title ideas, institutions, and reform /
Statement of responsibility, etc. Thomas M. Magstadt.
250 ## - EDITION STATEMENT
Edition statement 8th ed.
260 ## - PUBLICATION, DISTRIBUTION, ETC.
Place of publication, distribution, etc. Boston, MA :
Name of publisher, distributor, etc. Thomson Wadsworth,
Date of publication, distribution, etc. 2008.
300 ## - PHYSICAL DESCRIPTION
Extent xxix, 731 p. :
Other physical details ill., maps ;
Dimensions 23 cm.
504 ## - BIBLIOGRAPHY, ETC. NOTE
Bibliography, etc. note Includes bibliographical references and index.
650 #0 - SUBJECT ADDED ENTRY--TOPICAL TERM
Topical term or geographic name entry element Political science
Form subdivision Textbooks.
856 42 - ELECTRONIC LOCATION AND ACCESS
Materials specified Contributor biographical information
Uniform Resource Identifier <a href="http://www.loc.gov/catdir/enhancements/fy1104/2007936115-b.html">http://www.loc.gov/catdir/enhancements/fy1104/2007936115-b.html</a>
856 42 - ELECTRONIC LOCATION AND ACCESS
Materials specified Publisher description
Uniform Resource Identifier <a href="http://www.loc.gov/catdir/enhancements/fy1104/2007936115-d.html">http://www.loc.gov/catdir/enhancements/fy1104/2007936115-d.html</a>
856 41 - ELECTRONIC LOCATION AND ACCESS
Materials specified Table of contents only
Uniform Resource Identifier <a href="http://www.loc.gov/catdir/enhancements/fy1104/2007936115-t.html">http://www.loc.gov/catdir/enhancements/fy1104/2007936115-t.html</a>
906 ## - LOCAL DATA ELEMENT F, LDF (RLIN)
a 7
b cbc
c orignew
d 2
e epcn
f 20
g y-gencatlg
942 ## - ADDED ENTRY ELEMENTS (KOHA)
Source of classification or shelving scheme Library of Congress Classification
Koha item type Books
Edition 8th ed.
Classification part 66
Item part MAG
Call number prefix JA
Holdings
Withdrawn status Lost status Source of classification or shelving scheme Damaged status Not for loan Collection code Home library Current library Shelving location Date acquired Total Checkouts Full call number Barcode Date last seen Date last checked out Copy number Price effective from Koha item type Source of acquisition Inventory number
    Library of Congress Classification     Non-fiction City Campus Library City Campus Library General Stacks 04/20/2015 1 JA66 MAG 2008 004116 07/16/2022 07/11/2022 c. 1 09/29/2020 Books    
          Non-fiction Mashava Campus Library Mashava Campus Library General Stacks 05/12/2021   JA66 MAG 2009 004113 05/12/2021   C.2 05/12/2021 Books Purchase 21337
          Non-fiction Mashava Campus Library Mashava Campus Library General Stacks 05/12/2021   JA66 MAG 2009 004107 05/12/2021   C.3 05/12/2021 Books Purchase 21336
          Non-fiction Mashava Campus Library Mashava Campus Library General Stacks 05/12/2021   JA66 MAG 2009 011522 05/12/2021   C.4 05/12/2021 Books Purchase 011522